Missing Word: A-Z Songs III Quiz Stats

 Plays Quiz Updated Jul 19, 2018

Challenge
Share
Tweet
Embed
Score 0/26 Timer 03:00
7 Plays Today
Title Missing Word % Correct
Ring of ____ Fire
94.6%
____ Me MaybeCall
92.1%
Somebody That I ____ to KnowUsed
87.6%
The ____ Slim ShadyReal
86.3%
____ AwakeWide
80.8%
____ ResortLast
79.1%
Too Legit to ____Quit
73%
____ Won't GoHe
70.8%
Bad ____Day
67.2%
Too ____ to AskMuch
64.1%
All the ____ ThingsSmall
62.3%
____ StyleGangnam
55.9%
Get ____ ItOver
55.8%
Title Missing Word % Correct
____ QueenKiller
55.3%
____ in the StreamIslands
50.1%
____ the StormAfter
49.8%
____ (Da Ba Dee)Blue
49.2%
____ RainNovember
47.9%
____ on My GuitarTeardrops
41.6%
Meet ____Virginia
32.7%
____ the DancefloorEvacuate
28.8%
____ of SuburbiaJesus
28.4%
____ StationZoo
25.1%
Mylo ____Xyloto
17.6%
____ MePinch
14.7%
Me, My ____ , and IYoke
2.1%

Today's Daily Dose

You're not logged in!

Compare scores with friends on all Sporcle quizzes.
Join for Free
OR
Log In

You Might Also Like...

Show Comments

Extras

Top Quizzes Today


Score Distribution

Your Account Isn't Verified!

In order to create a playlist on Sporcle, you need to verify the email address you used during registration. Go to your Sporcle Settings to finish the process.

Report this User

Report this user for behavior that violates our Community Guidelines.

Details: